|
|
|
|
| LEADER |
00995nam a2200205 i 4500 |
| 003 |
GR-PaULI |
| 005 |
20240308124658.0 |
| 008 |
230303s2022 gr a|||f |||| 000 0 gre d |
| 020 |
|
|
|a 9789600239362
|
| 040 |
|
|
|a GR-PaULI
|b gre
|c GR-PaULI
|e AACR2
|
| 082 |
0 |
4 |
|2 23
|a 930.102 85
|
| 245 |
0 |
0 |
|a Αρχαιομετρία :
|b απόλυτες χρονολογήσεις και αναλύσεις /
|c επιστημονική επιμέλεια Νικόλαος Ζαχαριάς.
|
| 260 |
|
|
|a Αθήνα :
|b Παπαζήσης,
|c 2022.
|
| 300 |
|
|
|a 625 σ. :
|b εικ. ;
|c 24 εκ.
|
| 504 |
|
|
|a Περιλαμβάνει βιβλιογραφικές παραπομπές.
|
| 650 |
|
4 |
|9 21579
|a Αρχαιομετρία
|
| 700 |
1 |
|
|9 196484
|a Ζαχαριάς, Νίκος
|e επιμελητής.
|
| 942 |
|
|
|2 ddc
|c BK
|
| 952 |
|
|
|0 0
|1 0
|2 ddc
|4 0
|6 930_102000000000000_85_ΑΡΧ
|7 0
|9 378190
|a LISP
|b LISP
|c BSC
|d 2024-03-08
|i 364086
|l 0
|o 930.102 85 ΑΡΧ
|p 025000308042
|r 2024-03-08 00:00:00
|t 1
|w 2024-03-08
|y BK15
|
| 999 |
|
|
|c 219885
|d 219885
|